00506nam a22001457a 4500003000400000008004100004020001800045082001600063100001700079245012300096260005500219300001800274650005000292650001800342OSt260616b |||||||| |||| 00| 0 eng d a9789358875041 a660.6bM27I aMandal , N.  aIPR, Biosafety and Bioethics : Concepts, Regulations and Applications in Biotechnology/bby N. Mandal and S.K. Acharya aNew Delhi : bNew India Publishing Agency, c2026. axviii, 248 p. aChemical Engineering and Related Technologies aBiotechnology